Normal view
MARC view
- Das, Braja m
Entry Personal Name
001 - CONTROL NUMBER
- control field: 7375
003 - CONTROL NUMBER IDENTIFIER
- control field: OSt
005 - DATE AND TIME OF LATEST TRANSACTION
- control field: 20250328115508.0
008 - FIXED-LENGTH DATA ELEMENTS
- fixed length control field: 250328|| aca||aabn | a|a d
040 ## - CATALOGING SOURCE
- Original cataloging agency: OSt
- Transcribing agency: OSt
100 ## - HEADING--PERSONAL NAME
- Personal name: Das, Braja m
670 ## - SOURCE DATA FOUND
- Source citation: Work cat.: (OSt)13591: Das, Braja m., Textbook of geotechnical engineering, 2011.
